书目信息 |
| 题名: |
2017年计算机网络联考复习指导
|
|
| 作者: | ;王道论坛组 编 | |
| 分册: | ||
| 出版信息: | 北京 电子工业出版社 2016.04 |
|
| 页数: | 271页 | |
| 开本: | 28cm | |
| 丛书名: | ||
| 单 册: | ||
| 中图分类: | TP393 | |
| 科图分类: | ||
| 主题词: | 计算机应用 | |
| 电子资源: | ||
| ISBN: | 7-121-28345-X | |
| 000 | 00606nam0 2200193 450 | |
| 001 | 1734248762 | |
| 005 | 20171206093224.88 | |
| 010 | @a7-121-28345-X@dCNY43.00 | |
| 100 | @a20171206d2016 km y0chiy0120 ea | |
| 101 | 0 | @achi |
| 102 | @aCN@b110000 | |
| 200 | 1 | @a2017年计算机网络联考复习指导@A2017 nian ji suan ji wang luo lian kao fu xi zhi dao@f王道论坛组编@Fwang dao lun tan zu bian |
| 210 | @a北京@c电子工业出版社@d2016.04 | |
| 215 | @a271页@d28cm | |
| 606 | 0 | @a计算机应用 |
| 690 | @aTP393@v4 | |
| 711 | 02 | @a王道论坛组@Awang dao lun tan zu@4编 |
| 801 | 0 | @aCN@bMUSE@c20171206 |
| 905 | @aMUSE@dTP393@eW1431 | |
| 2017年计算机网络联考复习指导/王道论坛组编.-北京:电子工业出版社,2016.04 |
| 271页;28cm |
| ISBN 7-121-28345-X:CNY43.00 |
| ● |
| 相关链接 |
|
|
|
正题名:2017年计算机网络联考复习指导
索取号:TP393/W1431
 
预约/预借
| 序号 | 登录号 | 条形码 | 馆藏地/架位号 | 状态 | 备注 |
| 1 | 1237033 | 212370334 | 自科库301/301自科库 117排2列2层/ [索取号:TP393/W1431] | 在馆 |